000 00737nam a2200229Ia 4500
005 20250508160603.0
008 008 250505s9999 xx 000 0 eng d
020 _a13 844928 7
037 _aTextual
040 _aFEDL
_beng
_cFEDL
041 _aeng
_2eng
084 _a001.422, GLA
_qFEDL
100 _aGlass Gene V
_9465554
245 0 _aStatistical methods in education and psychology
260 _aEnglewood Cliffs, New Jersey, USA
_bPrentice - Hall
_c1970
300 _axii,596p.
490 _aPrentice-Hall Series in Educational Measurement, Research, and Statistics
650 _aStatistical Methods
700 _a Stanley Julian C
_9768850
942 _cTEXL
_h001.422, GLA
999 _c1365473
_d1365473